| 000 | 00648nac a22001331u 4500 | ||
|---|---|---|---|
| 008 | 090318s2006 xxu||||| |||| 00| 0 ara d | ||
| 082 |
_a336.2009561 _bز ي د |
||
| 245 |
_aحساسية النظام الضريبي في سورية : _bحساسية الإيرادات العامة العادية تجاة تغيرات الدخل القومي في سورية / _cرامي زيدان |
||
| 260 |
_aدمشق : _bوزارة الثقافة ،2006 _c2006. |
||
| 300 |
_a357 ص : _bايض ؛ _c24 سم. |
||
| 504 | _aيشتمل على إرجاعات ببليوجرافية | ||
| 650 |
_aالضرائب _920396 _zسورية |
||
| 942 |
_cBB _k336.2009561 ز ي د _2ddc |
||
| 999 |
_c6630 _d6630 |
||